000 00833nam a2200217 a 4500
003 0
005 20250415142028.0
008 970101s19uu xx 00 eng d
050 _aPGS SF 422
_b.Ee26 2004
100 _aEeles, Alec John.
245 _aPets ownership among grade six students of Southville International School and Colleges, SY 2003-2004 /
_cAlec John Eeles.
260 _aLas PiƱas City, Philippines :
_bSouthville International School and Colleges,
_c2004.
300 _a31 pages :
_billustrations ;
_c28 cm.
504 _aIncludes bibliographical references.
650 _aPets
_vJuvenile literature.
650 _aPet ownership
_vChildren.
650 _aAnimals
_vEffect on children.
650 _aChildren and animals
_vSocial aspects.
650 _aStudents
_vAttitudes
_vToward pets.
942 _2lcc
_cPASS
999 _c96975
_d96975